00386nam a2200157Ia 450000500170000000800410001704000190005804100120007708200130008910000170010224500360011926000310015530000120018665000200019885000100021820240409094734.0131103s9999 xx 000 0 und d aLoreto College aEnglish a425bCHO aChopra, Ravi aObjective English cRavi Chopra aNew DelhibBookhivec[19?] a198 p.  aEnglish grammar aLCBED